000 00637nam a2200241Ia 4500
003 OSt
005 20220918210648.0
006 a|||||r|||| 00| 0
007 ta
008 220917b |||||||| |||| 00| 0 eng d
024 _a121,443
037 _cTextual
040 _aARTS
_cARTS
_beng
041 _2eng
_aeng
082 _aV73:2:N5, J2
100 _aRiemer Neal
_9118945
245 0 _aProblems of American government
260 _c1952
490 _aMcgraw series i political scienmce ed by Joseph P Harris; 6
650 _aHISTORY
942 _hV73:2:N5, J2
_cTEXL
_2CC
999 _c244649
_d244649